00270nam a2200109 a 450000500170000000800410001705000210005810000190007924500400009825000120013826000100015020141022141958.0120302s19uu xx 00 eng d aCD-ROMbC18 2003 aCarey, Francis aOrganic chemistry /cFrancis Carey. a5th ed. c2003.